003800000a22001090004500090001700000245006900017041001400086100003400100942001300134773010600147999001700253 aASbSeriadas10aDos nuevas especies de Schwartzia () de Colombia0 aEspañol1 aGiraldo Cañas, Diego910850 cARTICULO1 tRevista de la Academia Colombiana de Ciencias Exactas, Fisicas y Naturales332h97q477-482d2001g25 c14138d14138